000 00828nam a2200253Ia 4500
003 OSt
005 20220926005003.0
006 a|||||r|||| 00| 0
007 ta
008 220923b |||||||| |||| 00| 0 eng d
020 _a9788132106555
_c1275
037 _b5559, 28/07/2015, RAJKIRAN BOOK AGENCY
_cGeneral Book
040 _aRTL
_cRTL
_beng
041 _2eng
_aeng
082 _aNA,8(V):8.2, Q2
100 _aHEGEWALD Julia A.B.
_9309586
245 0 _aRe-use the art and politics of integration and anxiety
260 _a New Delhi
_bSage Publication
_c2012
300 _axix, 342p
_ccm.
650 _aSociology
700 _a MITRA Subrata K.
942 _hNA,8(V):8.2, Q2
_cGB
_2CC
999 _c612734
_d612734